Adivinhe a marca, console ou app pela imagem - Statistics

Estatísticas Gerais
  • Esse quiz foi jogado 937 vezes
    919 desde o último reset
  • A pontuação média é 11 de 12
Estatísticas das Respostas
Imagem Resposta % Correto
Facebook
100%
Apple
99%
Instagram
99%
Tik Tok
99%
YouTube
99%
Twitter
98%
WhatsApp
96%
McDonalds
95%
Chrome
93%
Honda
91%
Volkswagen
81%
Nintendo Switch
67%
Nenhum quiz correspondente encontrado
Distribuição das Pontuações
Porcentagem de Pessoas com Cada Pontuação
Percentil de Números Respondidos
Sua Pontuação Histórica
Você não jogou esse quiz desde o último reset